01764nam a2200217 i 4500001001000000003000900010005001700019006001900036007000300055008004100058040003000099082001300129100003700142245007500179264004300254300002700297336002700324337003200351338002800383505113500411000030307DO-SdBNP20240430150513.0a||||gr|||| 00| 0 ta110509e1965 dr ac 000 0 spa d aDO-SdBNPbspacBNPHUerda 4bE82r2221 aEstrella, Julio C.d1926-eautor13aLa revolución dominicana y la crisis de la OEA /cJulio C. Estrella. 1aSanto Domingo :bRevista Ahora,c1965. a67 páginas ;c23 cm. 2rdacontentatextobtxt 2rdamediaasinmediaciónbn 2rdacarrieravolumenbnc aPrimera Parte.tIntroducción.-- La Revolución.-- El Gobierno de Molina Ureña.-- El Gobierno de Caamaño Deñó.-- La Junta Militar de "San Isidro.-- El Gobierno de Imbert Barreras.-- El Grupo de Santiago.-- La Fórmula Guazmán.-- El Orden Público. g Segunda Parte.tEl desembarco de los Norteamericanos.-- Los Organismos.-- Internacionales.-- Las Reuniones de la OEA.-- El Consejo de Seguridad.-- Los Observadores de la O.N.U.-- Conflicto de Jurisdicción.gTercera PartetLa Reunión de Cancilleres.-- La Posición de los Gobiernos.-- Creación de la Fuerza Interamericana se Objeta a.-- Bonilla Atiles.-- La Posición del "Gobierno Constitucional".gCuarta Parte.tLa Comisión Ad Hoc.-- La Crisis del 15 de Junio.-- Revaluación de la Situación Dominicana.-- Fideicomiso de Hecho.-- Violación de los Derechos Humanos.-- Las Conclusiones de los Criminólogos.-- Las Gestiones de la Comisión Ad Hoc.-- El Gobierno Provisional.gQuinta Parte.tEl Principio de la No Intervención.-- Tres Alternativas.-- Ofensiva Jurisprudencial.-- El Menor de dos Males.-- Nuevos Rumbos.-- Doctrinales.tConclusión